000 00929nam a2200337Ia 4500
001 5591
005 20240113233839.0
007 ta
008 050621s1981 a g b000 u eng u
020 _a0-07-99014-X
040 _aCotton College,Assam
041 _aeng
082 _a541.369
_bAb 24 Th
100 _aAbbott, M.M. .
245 0 _aTheory and Problems of Thermodynamics /
_cM.M. Abbott & H.C. Van Ness.
_hTextual Documents
250 _a1st ed. /
260 _aSingapore :
_bMcGraw-Hill International Book Company ,
_c1981.
300 _a344p. :
_bill. ;
_c26cm .
440 _aSchaum`s Outline Series,
490 _aSchaum`s Outline Series,
504 _aIndex
653 _aChemistry
653 _aThermodynamics
653 _aPhysical Chemistry
653 _aPG-Chemistry
700 _aVan Ness, H.C. .
942 _2ddc
_cBK
999 _c5578
_d5578